| 000 | 00998 a2200205 4500 | ||
|---|---|---|---|
| 001 | 56741 | ||
| 005 | 20260407155831.0 | ||
| 008 | 260407a1966 arg spa d | ||
| 003 | AR-UNSa-BCEJYS | ||
| 040 |
_aAR-UNSa-BCEJYS _bspa _cAR-UNSa-BCEJYS |
||
| 080 |
_a101 _xNaturaleza y papel de la filosofía |
||
| 245 | 1 | 0 | _a¿Qué es Filosofía? |
| 250 | _a5a. ed. | ||
| 264 | 1 |
_aMadrid : _bRevista de Occidente _c1966 |
|
| 300 |
_a264 p. _c18 cm. |
||
| 505 | _a1. La filosofía, hoy – 2. Reducción y expansión de la filosofía – 3. El “tema de nuestro tiempo” – 4. Conocimiento del universo o multiverso – 5. La necesidad de la filosofía – 6. Creencia y teoría; jovialidad – 7. Los datos del universo – 8. El descubrimiento de la subjetividad – 9. El tema de nuestro tiempo – 10. Una realidad nueva y una nueva idea de la realidad – 11. La realidad radical es nuestra vida | ||
| 942 | _cBK | ||
| 590 | _aniveau_biblio:m niveau_hierar:0 | ||
| 100 | 1 | _aOrtega y Gasset, José | |
| 999 |
_c6029 _d6029 |
||